Zmeny v oblasti nároku na vrátenie nadmerného odpočtu od 1. januára 2016
Novela zákona o DPH prináša od 1. 1. 2016 viaceré zmeny v oblasti nároku na vrátenie nadmerného odpočtu, a to: stanovuje lehotu na vrátenie nadmerného odpočtu v prípade, ak platiteľ uplatňuje nadmerný odpočet za posledné zdaňovacie obdobie, zmierňuje podmienky na vrátenie nadmerného odpočtu v skráte...
Salvato in:
| Autore principale: | |
|---|---|
| Natura: | Capitolo di libro |
| Lingua: | slovacco |
| Soggetti: | |
| Tags: |
Nessun Tag, puoi essere il primo ad aggiungerne!!
|
MARC
| LEADER | 00000naa a2200000 4500 | ||
|---|---|---|---|
| 001 | 0214873 | ||
| 005 | 20240502073605.4 | ||
| 041 | 0 | |a slo | |
| 044 | |a SK | ||
| 245 | 1 | 0 | |a Zmeny v oblasti nároku na vrátenie nadmerného odpočtu od 1. januára 2016 |c Marcela Rabatinová |
| 520 | |a Novela zákona o DPH prináša od 1. 1. 2016 viaceré zmeny v oblasti nároku na vrátenie nadmerného odpočtu, a to: stanovuje lehotu na vrátenie nadmerného odpočtu v prípade, ak platiteľ uplatňuje nadmerný odpočet za posledné zdaňovacie obdobie, zmierňuje podmienky na vrátenie nadmerného odpočtu v skrátenej lehote a skracuje prekluzívnu lehotu, ak platiteľ neumožní vykonanie daňovej kontroly. | ||
| 610 | 2 | 0 | |a odpočet dane |
| 610 | 2 | 0 | |a úpravy právne |
| 610 | 2 | 0 | |a 2016 |
| 100 | 1 | |a Rabatinová, Marcela, 1977- | |